80 plats "nationaux" en images (1) - Statistiques

Statistiques générales
  • Ce quiz a été pris 160 fois
  • Le résultat moyen est 6 sur 20
Statistiques - réponses
Par images Hint Réponse % Correct
Paella / Europe Espagne
93%
Pizza / Europe Italie
91%
Taco / Amérique Mexique
80%
Pavlova / Océanie Australie
62%
Feijoada / Amérique Brésil
44%
Kuru fasulye / Asie-Europe Turquie
36%
Ndolé / Afrique Cameroun
35%
Waterzooï / Europe Belgique
30%
Pelmeni / Asie-Europe Russie
26%
Khatchapouri / Asie-Europe Géorgie
23%
Locro / Amérique Argentine
16%
Laplap / Océanie Vanuatu
11%
Encebollado / Amérique Equateur
9%
Dolma / Asie-Europe Azerbaïdjan
8%
Romazava / Afrique Madagascar
7%
Mititei / Europe Roumanie
7%
Gibanica / Europe Serbie
3%
Salah / Asie Yémen
3%
Nyama choma / Afrique Kenya
2%
Poulet moambe / Afrique Angola
1%
Aucun quiz correspondant
Distribution des résultats
% des personnes avec chaque résultat
Percentile par nombre de réponses
Votre historique - résultats
Vous n’avez pas pris ce quiz